Nákupný zámer a jeho faktory pri nákupe ľadových čajov Reddrinks diplomová práca

Enregistré dans:
Détails bibliographiques
Auteur principal: Príbelová, Jana
Collectivité auteur: Obchodná fakulta EU. Katedra marketingu
Autres auteurs: Richterová, Kornélia
Format: Livre
Langue:slovaque
Publié: Bratislava 2010
Tags: Ajouter un tag
Pas de tags, Soyez le premier à ajouter un tag!

MARC

LEADER 00000nam$a2200000$$$4500
001 0121869
005 20240318122847.4
041 0 |a slo 
044 |a SK 
245 1 0 |a Nákupný zámer a jeho faktory pri nákupe ľadových čajov Reddrinks  |b diplomová práca  |c Jana Príbelová ; škol. Kornélia Richterová 
264 1 |a Bratislava  |c 2010 
300 |a 96 s. 
100 1 |a Príbelová, Jana 
700 1 |a Richterová, Kornélia 
710 2 |a Obchodná fakulta EU. Katedra marketingu